Hvězdné války /

Main Author: Kužel, Stanislav, 1946-
Language: Czech
Published: Brno : CPress, 2020
Edition: 1. vydání
Subjects:
Physical Description: 272 stran, xvi stran obrazových příloh : ilustrace (některé barevné), 1 mapa, portréty, faksimile ; 25 cm
Book
Saved in:
LEADER 02464nam a2200625 i 4500
001 nkc20203264712
003 CZ PrNK
005 20201222120400.0
007 ta
008 201118s2020 xr abcfe 000 0 cze
015 |a cnb003264712 
020 |a 978-80-264-3371-2  |q (vázáno) :  |c Kč 349,00 
035 |a (OCoLC)1230104617 
040 |a BOA001  |b cze  |d ABA001  |e rda 
043 |a n-us---  |a e-ur--- 
072 7 |a 355/359  |x Vojenství. Obrana země. Ozbrojené síly  |2 Konspekt  |9 15 
080 |a 629.78:355.40  |2 MRF 
080 |a 629.783:355.40  |2 MRF 
080 |a 351.746.1+355.40  |2 MRF 
080 |a 327.54  |2 MRF 
080 |a (73)  |2 MRF 
080 |a (47+57)  |2 MRF 
080 |a (0:82-96)  |2 MRF 
100 1 |a Kužel, Stanislav,  |d 1946-  |7 jk01071137  |4 aut 
245 1 0 |a Hvězdné války /  |c Stanislav Kužel 
250 |a 1. vydání 
264 1 |a Brno :  |b CPress,  |c 2020 
300 |a 272 stran, xvi stran obrazových příloh :  |b ilustrace (některé barevné), 1 mapa, portréty, faksimile ;  |c 25 cm 
336 |a text  |b txt  |2 rdacontent 
337 |a bez média  |b n  |2 rdamedia 
338 |a svazek  |b nc  |2 rdacarrier 
500 |a Obálkový podnázev: jak velmoci bojují o vesmír 
504 |a Obsahuje bibliografii 
650 0 7 |a kosmická špionáž  |7 ph314930  |z Spojené státy americké  |2 czenas 
650 0 7 |a kosmická špionáž  |7 ph314930  |z Sovětský svaz  |2 czenas 
650 0 7 |a špionážní družice  |7 ph314929  |z Spojené státy americké  |2 czenas 
650 0 7 |a špionážní družice  |7 ph314929  |z Sovětský svaz  |2 czenas 
650 0 7 |a zpravodajské služby  |7 ph127677  |z Spojené státy americké  |2 czenas 
650 0 7 |a zpravodajské služby  |7 ph127677  |z Sovětský svaz  |2 czenas 
650 0 7 |a studená válka (1945-1989)  |7 ph126165  |2 czenas 
650 0 9 |a space espionage  |z United States  |2 eczenas 
650 0 9 |a space espionage  |z Soviet Union  |2 eczenas 
650 0 9 |a spy satellites  |z United States  |2 eczenas 
650 0 9 |a spy satellites  |z Soviet Union  |2 eczenas 
650 0 9 |a intelligence service  |z United States  |2 eczenas 
650 0 9 |a intelligence service  |z Soviet Union  |2 eczenas 
650 0 9 |a cold war (1945-1989)  |2 eczenas 
655 7 |a literatura faktu  |7 fd132773  |2 czenas 
655 9 |a non-fiction  |2 eczenas 
910 2 |a BOA001  |b 2-1456.158 
928 9 |a Albatros Media - CPress 
990 |a BK 
995 |a 01 
991 |b 202012  |c NOV 
996 6 |b 2610846322  |c 2-1456.158  |l MZK  |r Sklad / do 1 hodiny  |n 2  |p p.v.  |w 001835120  |u 000010  |a 1  |e BOA001  |j MZK50  |s P